Southville International School and Colleges
Your cart is empty.
  • Cart
  • Lists
    Public lists Eva Luna New books Lux_list list_1
    Your lists Log in to create your own lists
  • Log in to your account
  • Your cookies
  • Search history
Southville International School and Colleges
  • Advanced search
  • Recent comments
  • Most popular
  • Libraries

Log in to your account

Log in with GOOGLE


If you do not have an external account, but do have a local account, you can still log in:

  1. Home
  2. MARC view: A fashionable history of jewelry & accessories /
Normal view MARC view ISBD view

A fashionable history of jewelry & accessories / (Record no. 305486)

[ view plain ]
MARC details
000 -LEADER
fixed length control field 00754nam a2200289Ia 4500
008 - FIXED-LENGTH DATA ELEMENTS--GENERAL INFORMATION
fixed length control field 170203s9999 xx 000 0 und d
020 ## - INTERNATIONAL STANDARD BOOK NUMBER
International Standard Book Number 9781410900296
050 ## - LIBRARY OF CONGRESS CALL NUMBER
Classification number 739.29
050 ## - LIBRARY OF CONGRESS CALL NUMBER
Item number .R462a 2003
100 ## - MAIN ENTRY--PERSONAL NAME
Personal name Reynolds, Helen,
245 #2 - TITLE STATEMENT
Title A fashionable history of jewelry & accessories /
245 ## - TITLE STATEMENT
Statement of responsibility, etc Helen Reynolds.
260 ## - PUBLICATION, DISTRIBUTION, ETC. (IMPRINT)
Place of publication, distribution, etc Chicago, Ill. :
260 ## - PUBLICATION, DISTRIBUTION, ETC. (IMPRINT)
Name of publisher, distributor, etc Raintree,
260 ## - PUBLICATION, DISTRIBUTION, ETC. (IMPRINT)
Date of publication, distribution, etc c2003.
300 ## - PHYSICAL DESCRIPTION
Extent 32 pages :
300 ## - PHYSICAL DESCRIPTION
Other physical details ill. (some col.) ;
300 ## - PHYSICAL DESCRIPTION
Dimensions 29 cm.
440 ## - SERIES STATEMENT/ADDED ENTRY--TITLE
Title A fashionable history of--
500 ## - GENERAL NOTE
General note Includes index.
650 ## - SUBJECT ADDED ENTRY--TOPICAL TERM
Topical term or geographic name as entry element Dress accessories--
650 ## - SUBJECT ADDED ENTRY--TOPICAL TERM
Topical term or geographic name as entry element Fashion--
650 ## - SUBJECT ADDED ENTRY--TOPICAL TERM
Topical term or geographic name as entry element Jewelry--
650 ## - SUBJECT ADDED ENTRY--TOPICAL TERM
General subdivision History.
650 ## - SUBJECT ADDED ENTRY--TOPICAL TERM
General subdivision Juvenile literature.
650 ## - SUBJECT ADDED ENTRY--TOPICAL TERM
General subdivision Juvenile literature.

No items available.

A fashionable history of jewelry & accessories /

APA

Reynolds H., .A fashionable history of jewelry & accessories. Chicago, Ill: .

Chicago

Reynolds Helen, .A fashionable history of jewelry & accessories. Chicago, Ill: .

Harvard

Reynolds H., .A fashionable history of jewelry & accessories. Chicago, Ill: .

MLA

Reynolds Helen, .Chicago, Ill: . .

  • Print
  • Cite
  • Add to your cart (remove)
  • Save record
    BIBTEX Dublin Core MARCXML MARC (non-Unicode/MARC-8) MARC (Unicode/UTF-8) MARC (Unicode/UTF-8, Standard) MODS (XML) RIS
  • More searches
    Search for this title in:
    Other Libraries (WorldCat) Other Databases (Google Scholar) Online Stores (Bookfinder.com) Open Library (openlibrary.org)

Exporting to Dublin Core...

SOUTHVILLE LIBRARY

Southville International School and Colleges Library

1281 Tropical Ave. Cor. Luxembourg St., BF Homes International, Las Pinas City

Tel. No. 8256374 / 252358 Loc. 117/146

Powered by Koha